Responses for show #3177 - Tuesday, May 26, 1998

Lara Robillard game 1.

Contestants

[<< previous game]

Brian McMahon, a computer programmer from Clifton, New Jersey

Lara Robillard, a director of health policy from Arlington, Virginia

Jim Riffle, a waiter from Las Vegas, Nevada (whose 1-day cash winnings total $9,300)

[next game >>]

Jeopardy! Round responses

LITERARY HODGEPODGE
FEELING LUCKY?
(Alex: Hey Jim, sounds like Vegas!)
WHERE THE "H" ARE WE?
FIRE DRILL
DIRECT TO VIDEO
CANINE PROVERBS
    $100 12
The Grapes Of Wrath

Jim
    $100 7
Rabbit's foot

Brian
    $100 1
Hawaii

Brian
    $100 6
Chicago

Jim
    $100 22
Richard Simmons

Lara
    $100 17
His day

Jim
    $200 13
Elizabeth I

Lara
    $200 8
Penny

Jim
    $200 2
Hong Kong

Brian
    $200 27
Smokey The Bear

Lara
    $200 23
The Spice Girls

Brian
    $200 18
"You can't teach an old dog new tricks"

Brian
    $300 14
Dorian Gray

Lara
    $300 9
Four-leaf clover

Jim
    $300 3
Hungary

Jim
    $300 28
Backdraft

Jim
    $300 24
NordicTrack

Brian
    $300 19
Bark

Lara
    $400 15
1984

Brian
    $400 10
Horseshoe

Lara
    $400 4
Helsinki

Jim
    $400 29
James Taylor

Lara
    $400 25
(and we have about a minute left....)

Jerry Springer

Brian
    $400 20
"Love me, love my dog"

Lara
    $500 16
Walt Whitman

Jim
    $200 11
Buddha

Lara
    $500 5
Havana

Brian
    $500 30
Vince Lombardi

Jim
    $500 26
The Land Before Time

Lara
    $500 21
Bone

Jim

Scores at the first commercial break (after clue 14):

Jim Lara Brian
$1,400 $1,100 $900

Scores at the end of the Jeopardy! Round:

Jim Lara Brian
$3,300 $3,000 $2,400

Double Jeopardy! Round responses

CANADIAN STUFF, EH?
SCIENTIFIC NAMES
THE WORST IN SPORTS
CONNECTICUTIES
WHAT'S "UP"?
DOCS
    $200 6
Calgary

Jim
    $200 26
Wolf

Lara
    $200 11
New York Mets

Lara
    $200 12
Meg Ryan

Lara
    $200 1
Uptown Girl

Lara
    $200 18
Albert Sabin

Jim
    $400 7
Halifax

Lara
    $400 30
Horse

Brian
    $400 15
Philadelphia '76ers

Lara
    $400 13
Glenn Close

Lara
    $400 2
Upper crust

Jim
    $400 19
Michael DeBakey

Lara
    $600 8
Newfoundland

Jim
    $600 29
(L: What is a panther?)
(J: What is a mountain lion?)

African lion

JimLara
Triple Stumper
    $600 23
(L: Who were the Eagles?)

Seattle Seahawks

JimLara
    $600 14
Miss America

Jim
    $1,700 3
To upstage

Jim
    $600 20
Dr. Benjamin Spock

Brian
    $800 9
Prince Edward Island

Jim
    $800 28
Polar bear

Lara
    $800 24
New York Rangers

Brian
    $800 16
Linda Evans

Lara
    $800 5
Uppsala

Lara
    $800 21
Edward Jenner

Jim
    $1,600 10
Narwals

Jim
    $1000 27
Penguin

Triple Stumper
    $1000 25
(we have about a minute left, Brian...)

Tampa Bay Buccaneers

Triple Stumper
    $1000 17
Dana Delany

Brian
    $1000 4
Up The Down Staircase

Lara
    $1000 22
Stress

Triple Stumper

Scores at the end of the Double Jeopardy! Round:

Jim Lara Brian
$10,200 $7,600 $5,200

[wagering suggestions for these scores]

Final Jeopardy! Round responses

SINGERS
BrianWho is Tony Bennet?
$5,200
LaraWho is Frank Sinatra?
$7,000
JimWho is Tony Bennet
$5,100
Frank Sinatra

Final scores:

Jim Lara Brian
$5,100 $14,600 $0
2nd place: a trip to Costa do Estoril, Portugal New champion: $14,600 3rd place: a Sony Power Cinema package

Game dynamics:

Coryat scores:

Jim Lara Brian
$8,500 $7,900 $5,200
21 R
(including 2 DDs),
1 W
22 R
(including 1 DD),
2 W
13 R,
0 W

Combined Coryat: $21,600

The J! Archive is created by fans, for fans. The Jeopardy! game show and all elements thereof, including but not limited to copyright and trademark thereto, are the property of Jeopardy Productions, Inc. and are protected under law. This website is not affiliated with, sponsored by, or operated by Jeopardy Productions, Inc. Join the discussion at JBoard.tv.